Aplicación de las técnicas de condicionamiento operante en la escuela
Saved in:
| Main Author: | |
|---|---|
| Format: | Book |
| Language: | Spanish |
| Published: |
Madrid
Santillana
1976
|
| Edition: | 1a. ed |
| Series: | Aula XXI. Educación Abierta, 4
|
| Subjects: | |
| Tags: |
Add Tag
No Tags, Be the first to tag this record!
|
MARC
| LEADER | 00000nam a2200000 a 4500 | ||
|---|---|---|---|
| 001 | UCY9669 | ||
| 003 | CL-VaPUC | ||
| 008 | 950717e19760000SP |||||||||||||||||spa|d | ||
| 020 | |a 8429413308 | ||
| 082 | 0 | 4 | |a 370.15 |b ACK |2 21 |
| 100 | 0 | |a Ackerman, J. Mark |e author |9 342167 | |
| 245 | 1 | 0 | |a Aplicación de las técnicas de condicionamiento operante en la escuela |
| 250 | |a 1a. ed | ||
| 300 | |a 223 p | ||
| 942 | |c BK | ||
| 945 | |d 19950717 00:00:00 |a lriquelm | ||
| 260 | |a Madrid |b Santillana |c 1976 | ||
| 650 | 0 | |a Trastornos del comportamiento |9 311363 | |
| 650 | 7 | |a MALA CONDUCTA |2 CL-VaPUC |9 340050 | |
| 650 | 7 | |a PSICOSOCIOLOGIA EDUCACIONAL |2 CL-VaPUC |9 338387 | |
| 650 | 0 | |a Aprendizaje |9 254827 | |
| 650 | 0 | |a Comportamiento |9 308406 | |
| 650 | 7 | |a INHIBICIONES |2 CL-VaPUC |9 339246 | |
| 650 | 7 | |a COMPORTAMIENTO DEL ALUMNO |2 CL-VaPUC |9 338060 | |
| 650 | 0 | |a Comportamiento social |9 334200 | |
| 650 | 7 | |a COMPORTAMIENTO DE GRUPO |2 CL-VaPUC |9 335588 | |
| 650 | 0 | |a Terapia |9 334442 | |
| 583 | |a last modification |c 19950717 00:00:00 |k Rodrigo Vera | ||
| 490 | 0 | |a Aula XXI. Educación Abierta, 4 | |
| 999 | |c 236721 |d 236719 | ||
| 952 | |0 0 |1 0 |4 0 |6 370_150000000000000_ACK_1976 |7 0 |8 A |9 244991 |a BIBEDU |b BIBEDU |d 2019-11-18 |i 1532995 |o 370.15 ACK 1976 |p 1532995 |r 2019-11-18 |w 2019-11-18 |y BK |k EDU | ||
| 952 | |0 0 |1 0 |4 0 |6 370_150000000000000_ACK_1976 |7 0 |8 A |9 244992 |a BIBEDU |b BIBEDU |d 2019-11-18 |i 4678567 |o 370.15 ACK 1976 |p 4678567 |r 2019-11-18 |w 2019-11-18 |y BK |k EPE | ||